| Поле | Название | Значение |
| |
Тип записи |
a |
| |
Библиографический уровень |
m |
| 001 |
Контрольный номер |
RU/URAIT/587041 |
| 005 |
Дата корректировки |
20260429163612.1 |
| 008 |
Кодируемые данные |
260429s2026 RU y f j 000 0 rus u |
| 020 |
Индекс ISBN |
__ |
| a |
ISBN |
978-5-534-21213-6 |
| c |
Цена, тираж |
2349.00 |
| 040 |
Источник каталогиз. |
__ |
| a |
Служба первич. каталог. |
ИКО Юрайт |
| c |
Служба, преобразующая запись |
ИКО Юрайт |
| e |
Правила каталог. |
RCR |
| 041 |
Код языка издания |
__ |
| a |
Код языка текста |
rus |
| 044 |
Код страны публикации |
__ |
| a |
Код страны публикации |
RU |
| 080 |
Индекс УДК |
__ |
| a |
Индекс УДК |
349.2(075.8) |
| 084 |
Индекс другой классификации/Индекс ББК |
__ |
| 2 |
Источник индекса |
rubbk |
| a |
Индекс другой классификации/Индекс ББК |
67.405.1я73 |
| 100 |
Автор |
__ |
| a |
Автор |
Чаннов С. Е. |
| q |
Полное имя |
Чаннов Сергей Евгеньевич |
| 245 |
Заглавие |
__ |
| a |
Заглавие |
Трудовое право |
| b |
Продолж. заглавия |
учебник для вузов |
| c |
Ответственность |
С. Е. Чаннов, М. В. Пресняков. |
| 250 |
Сведения об издании |
__ |
| g |
|
пер. и доп |
| a |
Основные сведения об издании |
5-е изд. |
| 256 |
Характеристики компьютерного файла |
__ |
| a |
Характеристики компьютерного файла |
Электрон. дан. |
| 260 |
Выходные данные |
__ |
| a |
Место издания |
Москва |
| b |
Издательство |
Юрайт |
| c |
Дата издания |
2026 |
| 300 |
Физическое описание |
__ |
| a |
Объем |
458 с |
| 440 |
Серия |
__ |
| a |
Серия |
Высшее образование |
| 500 |
Примечания |
__ |
| a |
Примечание |
URL: https://urait.ru/bcode/587041 (дата обращения: 29.04.2026). |
| 520 |
Аннотация |
__ |
| a |
Аннотация |
Цель предлагаемого курса — ознакомление обучающихся со всеми аспектами регулирования трудовой деятельности в Российской Федерации. Соответствует актуальным требованиям Федерального государственного образовательного стандарта высшего образования. Курс предназначен для студентов высших учебных заведений, обучающихся по юридическим и социально-экономическим направлениям, но может быть полезен также и для студентов других специальностей и направлений подготовки, аспирантов, преподавателей, а также всех, интересующихся проблематикой трудового права. |
| 538 |
Прим. о системных особенностях |
__ |
| a |
Прим. о системных особенностях |
Режим доступа: Электронно-библиотечная система Юрайт, для авториз. пользователей |
| 653 |
Ключевые слова |
__ |
| a |
Ключевые слова |
Трудовое право |
| 653 |
Ключевые слова |
__ |
| a |
Ключевые слова |
Юридические науки |
| 653 |
Ключевые слова |
__ |
| a |
Ключевые слова |
Трудовое право |
| 653 |
Ключевые слова |
__ |
| a |
Ключевые слова |
Организация труда персонала |
| 653 |
Ключевые слова |
__ |
| a |
Ключевые слова |
Управление персоналом |
| 653 |
Ключевые слова |
__ |
| a |
Ключевые слова |
Основы трудового права |
| 653 |
Ключевые слова |
__ |
| a |
Ключевые слова |
Основы организации труда |
| 653 |
Ключевые слова |
__ |
| a |
Ключевые слова |
Организация труда |
| 653 |
Ключевые слова |
__ |
| a |
Ключевые слова |
Трудовое право на транспорте |
| 653 |
Ключевые слова |
__ |
| a |
Ключевые слова |
Трудовое законодательство |
| 653 |
Ключевые слова |
__ |
| a |
Ключевые слова |
Основы трудового законодательства |
| 653 |
Ключевые слова |
__ |
| a |
Ключевые слова |
Современное трудовое законодательство |
| 653 |
Ключевые слова |
__ |
| a |
Ключевые слова |
Правовые основы приема, перевода и увольнения различных категорий работников |
| 700 |
Другие авторы |
__ |
| a |
Другие авторы |
Пресняков М. В. |
| q |
Полное имя |
Пресняков Михаил Вячеславович |
| 856 |
Электронный адрес документа |
40 |
| n |
Местонахождение сервера |
Юрайт |
| g |
|
Электронная книга |
| q |
Тип электронного формата |
html |
| h |
Имя пользователя |
ЮРАЙТ |
| v |
Часы доступа к ресурсу |
20271231 |
| 2 |
Способ доступа |
Показать документ |
| x |
Служебное примечание |
https://urait.ru/book/cover/36B2E3D6-5784-4F3F-815C-4C7A44CCFFD8 |
| u |
URL |
https://urait.ru/bcode/587041 |
| 856 |
Электронный адрес документа |
48 |
| q |
Тип электронного формата |
cover |
| u |
URL |
https://urait.ru/book/cover/36B2E3D6-5784-4F3F-815C-4C7A44CCFFD8 |
| 911 |
|
__ |
| u |
|
0030=https://urait.ru/bcode/587041 |
| 911 |
|
__ |
| u |
|
073a=9785534212136 |
| u |
|
073d=2349.00 |
| 911 |
|
__ |
| u |
|
106a=s |
| 911 |
|
__ |
| u |
|
900l= |
| 952 |
Тип литературы |
__ |
| i |
Дисциплина |
Трудовое право |
| 952 |
Тип литературы |
__ |
| i |
Дисциплина |
Организация труда персонала |
| 952 |
Тип литературы |
__ |
| i |
Дисциплина |
Управление персоналом |
| 952 |
Тип литературы |
__ |
| i |
Дисциплина |
Основы трудового права |
| 952 |
Тип литературы |
__ |
| i |
Дисциплина |
Основы организации труда |
| 952 |
Тип литературы |
__ |
| i |
Дисциплина |
Организация труда |
| 952 |
Тип литературы |
__ |
| i |
Дисциплина |
Трудовое право на транспорте |
| 952 |
Тип литературы |
__ |
| i |
Дисциплина |
Трудовое законодательство |
| 952 |
Тип литературы |
__ |
| i |
Дисциплина |
Основы трудового законодательства |
| 952 |
Тип литературы |
__ |
| i |
Дисциплина |
Современное трудовое законодательство |
| 952 |
Тип литературы |
__ |
| i |
Дисциплина |
Правовые основы приема, перевода и увольнения различных категорий работников |